Where's that U.S. City? - Multiple Choice - Statistics

General Stats
  • This quiz has been taken 164 times
    155 since last reset
  • The average score is 14 of 15
Answer Stats
Question Answer % Correct
Chicago
99%
New Orleans
98%
Seattle
97%
Anchorage
97%
Denver
96%
Nashville
96%
San Francisco
93%
Dallas
92%
Jacksonville
91%
Philadelphia
91%
Kansas City
90%
Cincinnati
89%
Albuquerque
88%
Las Vegas
86%
Charlotte
80%
No matching quizzes found
Score Distribution
Percent of People with Each Score
Percentile by Number Answered
Your Score History
You have not taken this quiz since the last reset